000 00862nam a2200265Ia 4500
003 OSt
005 20220923211208.0
006 a|||||r|||| 00| 0
007 ta
008 220922b |||||||| |||| 00| 0 pan d
020 _a9780995928725 (hbk)
_c245
024 _a349,383
037 _b172, 15/02/2019, National Book Shop
_cTextual
040 _aARTS
_cARTS
_bpan
041 _2pan
_apan
082 _aO153,6x, Q8
100 _aਗੁਰਬਚਨ, ਂਚ.
_9159428
245 0 _aਉਧੇੜ-ਬੁਨਤ
260 _aਪਟਿਆਲਾ
_b ਅੰਟਮ ਆਰਟ
_c2018
300 _a223ਪ੍ਰ0
_ccm.
650 _a ਪੰਜਾਬੀ ਨਿਬੰਧ
650 _aਪੰਜਾਬੀ ਸਾਹਿਤ
942 _hO153,6x, Q8
_cTEXL
_2CC
999 _c296650
_d296650